| 000 | 00966nas1a22002651i 4500 | ||
|---|---|---|---|
| 001 | RU\NLR\Per\823427 | ||
| 005 | 20240921072821.0 | ||
| 011 | _a2219-1410 | ||
| 035 | _a(NLR Aleph) 003067371 | ||
| 090 |
_a2282959 _c2282959 |
||
| 100 | _a20111208a20099999|||y0rusy50 ca | ||
| 101 | 0 | _arus | |
| 102 | _aRU | ||
| 110 | _aag||||||||| | ||
| 200 | 1 |
_aУголь Кузбасса _eлучшее отраслевое издание России _eжурнал |
|
| 210 |
_aКемерово _cКузнецкий край _d2011 - |
||
| 606 | 1 |
_aУгольная промышленность _jПериодические издания _yКузнецкий бассейн _92434247 _3RU\NLR\AUTH\661448647 |
|
| 686 | 1 | _aУ30(2)565.1(2Р-4Ке)я54 | |
| 852 |
_aNLR _jП23/8350 |
||
| 942 | _cJOURNAL | ||
| 980 | _aRUSPER | ||